000
00290nam a22001337a 4500
008
181001b xxu||||| |||| 00| 0 eng d
020
_a
9780874347272
041
_a
eng
080
_a
610.73
100
_a
2
101
_a
INF
245
_a
Nurse's problem solver
_c
Loeb,S
942
_2
udc
_c
BK
999
_c
48738
_d
48738